|
|
|
|
| LEADER |
01643nam a2200421 4500 |
| 001 |
ocn756501621 |
| 003 |
OCoLC |
| 005 |
20180501121945.0 |
| 006 |
m o d |
| 007 |
cr mn||||||||| |
| 008 |
111010s1986 flua ob 001 0 eng d |
| 040 |
|
|
|a COF
|b eng
|e pn
|c COF
|d UIU
|d OCLCF
|d VVL
|d OCLCQ
|d TEF
|d OPELS
|d LUN
|d YDXCP
|d OCL
|d KIJ
|d GrThAP
|
| 019 |
|
|
|a 926256200
|
| 020 |
|
|
|a 0121820319
|
| 020 |
|
|
|a 9780121820312
|
| 035 |
|
|
|a (OCoLC)756501621
|z (OCoLC)926256200
|
| 050 |
|
4 |
|a QP601
|b .C733 v.131eb
|
| 082 |
0 |
4 |
|a 572/.7
|2 23
|
| 049 |
|
|
|a TEFA
|
| 245 |
0 |
0 |
|a Enzyme structure.
|p Part L /
|c edited by C.H.W. Hirs, Serge N. Timasheff.
|
| 260 |
|
|
|a Orlando :
|b Academic Press,
|c ©1986.
|
| 300 |
|
|
|a 1 online resource (xxiii, 653 pages) :
|b illustrations.
|
| 336 |
|
|
|a text
|b txt
|2 rdacontent
|
| 337 |
|
|
|a computer
|b c
|2 rdamedia
|
| 338 |
|
|
|a online resource
|b cr
|2 rdacarrier
|
| 490 |
1 |
|
|a Methods in enzymology ;
|v v. 131
|
| 504 |
|
|
|a Includes bibliographical references and indexes.
|
| 588 |
0 |
|
|a Print version record.
|
| 650 |
|
0 |
|a Enzymes
|x Structure.
|
| 650 |
|
0 |
|a Enzymes
|x Analysis.
|
| 650 |
|
7 |
|a Enzymes
|x Structure
|2 fast
|0 (OCoLC)fst00913626
|
| 650 |
|
7 |
|a Enzymes
|x Analysis.
|2 fast
|0 (OCoLC)fst00913606
|
| 650 |
0 |
2 |
|a Enzymes [MESH]
|
| 700 |
1 |
|
|a Hirs, C. H. W.
|q (Christophe Henri Werner),
|d 1923-
|e editor.
|
| 700 |
1 |
|
|a Timasheff, Serge N.,
|d 1926-
|e editor.
|
| 776 |
0 |
8 |
|i Print version:
|t Enzyme structure. Part L.
|d Orlando : Academic Press, ©1986
|z 0121820319
|w (OCoLC)14388164
|
| 830 |
|
0 |
|a Methods in enzymology ;
|v volume 131.
|
| 856 |
4 |
0 |
|u https://www.sciencedirect.com/science/bookseries/00766879/131
|z Full Text via HEAL-Link
|